| Tag |
First Indicator |
Second Indicator |
Subfields |
| LEADER |
00000cam a2200000 a 4500 |
| 001 |
in00000016514 |
| 005 |
20230802091359.0 |
| 008 |
890216s1987 enka b 001 0 eng |
| 010 |
|
|
|a 89114800
|
| 015 |
|
|
|a GB8747380
|2 bnb
|
| 015 |
|
|
|a b8747380
|
| 016 |
7 |
|
|a 8909975
|2 DNLM
|
| 019 |
|
|
|a 16923736
|a 877298167
|a 1027225865
|a 1119394656
|a 1169606913
|a 1173132591
|
| 020 |
|
|
|a 185221029X
|q (softbound)
|
| 020 |
|
|
|a 9781852210298
|q (softbound)
|
| 020 |
|
|
|a 1852210303
|q (hardbound)
|
| 020 |
|
|
|a 9781852210304
|q (hardbound)
|
| 029 |
1 |
|
|a AU@
|b 000005553031
|
| 029 |
1 |
|
|a GBVCP
|b 011672153
|
| 029 |
1 |
|
|a GBVCP
|b 113348622
|
| 029 |
1 |
|
|a NLGGC
|b 041620496
|
| 029 |
1 |
|
|a NLM
|b 8909975
|
| 029 |
1 |
|
|a NZ1
|b 3292727
|
| 029 |
1 |
|
|a UNITY
|b 038767287
|
| 035 |
|
|
|a (OCoLC)ocm19851149
|
| 035 |
|
|
|a (OCoLC)19851149
|z (OCoLC)16923736
|z (OCoLC)877298167
|z (OCoLC)1027225865
|z (OCoLC)1119394656
|z (OCoLC)1169606913
|z (OCoLC)1173132591
|
| 035 |
|
|
|a (OCoLC)ocm19851149
|
| 037 |
|
|
|c £27.00 : CIP rev.
|
| 040 |
|
|
|a DNLM
|b eng
|c DLC
|d NLM
|d UKM
|d GGN
|d MUQ
|d BAKER
|d BTCTA
|d YDXCP
|d OCLCG
|d ZWZ
|d OCLCO
|d OCLCF
|d OCLCQ
|d NLE
|d OCLCQ
|d LTU
|d OCLCQ
|d OCLCO
|d AU@
|d OCLCQ
|d OCLCA
|d LUN
|d MM9
|d OCLCO
|d OCL
|
| 042 |
|
|
|a lccopycat
|
| 050 |
0 |
4 |
|a QH442
|b .M26 1987
|
| 060 |
0 |
0 |
|a QH 442
|b M265 1987
|
| 070 |
1 |
|
|a QL959.M25
|
| 082 |
0 |
0 |
|a 599.03
|2 19
|
| 083 |
0 |
|
|a Mammals. Development
|
| 245 |
0 |
0 |
|a Mammalian development :
|b a practical approach /
|c edited by M. Monk.
|
| 260 |
|
|
|a Oxford ;
|a Washington, D.C. :
|b IRL Press,
|c ©1987.
|
| 300 |
|
|
|a xxiii, 313 pages :
|b illustrations ;
|c 23 cm.
|
| 336 |
|
|
|a text
|b txt
|2 rdacontent
|
| 337 |
|
|
|a unmediated
|b n
|2 rdamedia
|
| 338 |
|
|
|a volume
|b nc
|2 rdacarrier
|
| 490 |
1 |
|
|a Practical approach series
|
| 504 |
|
|
|a Includes bibliographical references and index.
|
| 505 |
0 |
|
|a Mouse husbandry / Colin M. Hetherington -- Isolation, culture and manipulation of pre-implantation mouse embryos / Hester P.M Pratt -- Isolation, culture and manipulation of post-implantation mouse embryos / Rosa Beddington -- Meiotic analysis in germ cells of man and the mouse / Ann C. Chandley -- Karyotyping and sexing of gametes, embryos and fetuses and in situ hybridization to chromosomes / E.P. Evans -- Cell marking techniques and their application / B.A.J. Ponder -- Biochemical microassays for X-chromosome-linked enzymes HPRT and PGK / Marilyn Monk -- Qualitative analysis of protein changes in early mouse development / Sarah K. Howlett -- Construction of cDNA libraries for pre-implantation mouse embryos / Christine J. Watson and Josie McConnell -- In situ hybridization to messenger RNA in tissue sections / Rebecca Haffner and Keith Willison -- Production of transgenic mice / Nicholas D. Allen [and others] -- Nuclear transplantation in fertilized and parthenogenetically activated eggs / S.C. Barton, M.L. Norris and M.A.H. Surani -- The low temperature preservation of mouse oocytes and embryos / Maureen J. Wood, David G. Whittingham and William F. Rall -- Fertilization of human oocytes and culture of human pre-implantation embryos in vitro / Peter R. Braude.
|
| 650 |
|
0 |
|a Mammals
|x Development.
|
| 650 |
|
0 |
|a Embryo transplantation.
|
| 650 |
|
0 |
|a Genetic engineering.
|
| 650 |
|
2 |
|a Embryo Transfer
|
| 650 |
|
2 |
|a Fertilization in Vitro
|x methods
|
| 650 |
|
2 |
|a Genetic Engineering
|
| 650 |
|
2 |
|a Mammals
|x embryology
|
| 650 |
|
6 |
|a Mammifères
|x Développement.
|
| 650 |
|
6 |
|a Embryons
|x Transplantation.
|
| 650 |
|
6 |
|a Génie génétique.
|
| 650 |
|
7 |
|a Genetic engineering.
|2 fast
|0 (OCoLC)fst00940027
|
| 650 |
|
7 |
|a Embryo transplantation.
|2 fast
|0 (OCoLC)fst00908423
|
| 650 |
|
7 |
|a Mammals
|x Development.
|2 fast
|0 (OCoLC)fst01006966
|
| 650 |
|
7 |
|a Génie génétique.
|2 fmesh
|
| 650 |
|
7 |
|a Mammifères
|x Génétique.
|2 fmesh
|
| 650 |
|
7 |
|a Transfert d'embryon.
|2 fmesh
|
| 650 |
|
7 |
|a Mammifères
|x Développement.
|2 ram
|
| 650 |
|
7 |
|a Embryons
|x Transplantation.
|2 ram
|
| 653 |
|
|
|a Mammals
|a Development
|
| 700 |
1 |
|
|a Monk, M.
|q (Marilyn)
|
| 776 |
0 |
8 |
|i Online version:
|t Mammalian development.
|d Oxford ; Washington, D.C. : IRL Press, ©1987
|w (OCoLC)707602230
|
| 830 |
|
0 |
|a Practical approach series.
|
| 938 |
|
|
|a Baker & Taylor
|b BKTY
|c 45.00
|d 45.00
|i 185221029X
|n 0002658971
|s active
|
| 938 |
|
|
|a Baker & Taylor
|b BKTY
|c 60.00
|d 60.00
|i 1852210303
|n 0001194520
|s active
|
| 938 |
|
|
|a Baker and Taylor
|b BTCP
|n 89114800 //r94
|
| 938 |
|
|
|a YBP Library Services
|b YANK
|n 1214242
|
| 948 |
|
|
|h HELD BY TXA - 258 OTHER HOLDINGS
|
| 994 |
|
|
|a Z0
|b TXA
|
| 999 |
f |
f |
|s 30a05091-b927-33ec-8847-6cdd4d06bab8
|i b904fa82-fa82-32ac-b8ee-9f4d0bfb8b7a
|t 0
|
| 952 |
f |
f |
|p ric
|a Texas A&M University
|b Rellis Campus
|c Joint Library Facility
|s JLF
|d Remote Storage
|t 0
|e QL959 .M24 1987
|h Library of Congress classification
|i unmediated -- volume
|m A14812608497
|